00488nam a2200157 a 450000500170000000800410001702000180005805000260007610000190010224500650012126000460018630000180023244000280025065000320027865000200031020140412111335.0031017s19uu xx 00 eng d a0-02-831001-2 aTR(GS 372.4bB35 2000 aBereiter, Carl aInquiry Journal, level 2 (green)/cby Carl Bereiter & et al. aColumbus, Ohio :bSRA/McGraw-Hill,c2000. a105 p. ; ill. aSRA: Open Court Reading aReading--Study and teaching aWriting journal